000 00635nam a2200253Ia 4500
003 OSt
005 20221007105017.0
006 a|||||r|||| 00| 0
007 ta
008 221006b |||||||| |||| 00| 0 eng d
024 _a17,357
037 _cTextual
040 _aLCO
_cLCO
_beng
041 _2eng
_aeng
082 _aZ2,4, L3
100 _aGupta J.P
_992385
245 0 _aPrinciples of the Law of Torts
250 _a2nd
260 _aMeerut
_bHindustan Law Publishing Co. India
_c1973
300 _a993
650 _aTORT
_9690780
942 _hZ2,4, L3
_cTEXL
999 _c1186920
_d1186920